India: What cant it teach us (Record no. 148152)

MARC details
000 -LEADER
fixed length control field 00603nam a22001937a 4500
005 - DATE AND TIME OF LATEST TRANSACTION
control field 20180109112728.0
010 ## - LCCN (DPL NO)
LC control number ENG-121943
020 ## - INTERNATIONAL STANDARD BOOK NUMBER
International Standard Book Number 9788174791948
Terms of availability 495.00
035 ## - SYSTEM CONTROL NUMBER
System control number EN-105475
037 ## - SOURCE OF ACQUISITION
Source of stock number/acquisition DBAD/PUB
082 ## - DEWEY DECIMAL CLASSIFICATION NUMBER
Classification number 954
100 ## - MAIN ENTRY--PERSONAL NAME
Personal name Muller, F. Max
245 ## - TITLE STATEMENT
Title India: What cant it teach us
Remainder of title A course of lectures devered before the university of cambridge /
Statement of responsibility, etc by F. Max Mullar
260 ## - PUBLICATION, DISTRIBUTION, ETC. (IMPRINT)
Date of publication, distribution, etc 2017
Place of publication, distribution, etc New Delhi
Name of publisher, distributor, etc Kaveri Books
270 ## - ADDRESS
Address 4832/24, Ansari,Road Dariya Ganj
City New Delhi
Postal code 110002
300 ## - PHYSICAL DESCRIPTION
Dimensions 22cm(hbk)
Extent 152p.
700 ## - ADDED ENTRY--PERSONAL NAME
Personal name
942 ## - ADDED ENTRY ELEMENTS (KOHA)
Item type English Books
Source of classification or shelving scheme Dewey Decimal Classification
Call number suffix MUL
Classification part 954
Holdings
Withdrawn status Lost status Not for loan Collection code Home library Current library Date acquired Source of acquisition Cost, normal purchase price Full call number Barcode Copy number Cost, replacement price Koha item type
    Not For Loan Non-fiction D.B.Act.Division Bawana 21/12/2017 DBAD/PUB 495.00 954 MUL EN-105475 1 495.00 English Books

© Delhi Public Library
Hit Counter
free hit counter